Metodología de la investigación/ (Registro nro. 9243)
[ vista simple ]
| 000 -LEADER | |
|---|---|
| fixed length control field | 01990nam a2200217Ia 4500 |
| 005 - FECHA Y HORA DE LA ÚLTIMA TRANSACCIÓN | |
| control field | 20230911150247.0 |
| 008 - FIXED-LENGTH DATA ELEMENTS--GENERAL INFORMATION | |
| fixed length control field | 230906s9999 xx 000 0 und d |
| 020 ## - INTERNATIONAL STANDARD BOOK NUMBER | |
| International Standard Book Number | 9701018990 |
| 040 ## - CATALOGING SOURCE | |
| Original cataloging agency | UPAN |
| Transcribing agency | Biblioteca San Vicente |
| Description conventions | RCAA2 |
| 041 ## - LANGUAGE CODE | |
| Language code of text/sound track or separate title | spa |
| 082 ## - DEWEY DECIMAL CLASSIFICATION NUMBER | |
| Classification number | 001.42 |
| Item number | H476m. |
| año de publicación | 2006 |
| 100 ## - MAIN ENTRY--PERSONAL NAME | |
| Personal name | Hernández Sampieri, Roberto |
| Relator code | aut. |
| 245 #0 - TITLE STATEMENT | |
| Title | Metodología de la investigación/ |
| Remainder of title | Roberto Hernandez Sampieri |
| 250 ## - EDITION STATEMENT | |
| Edition statement | 4° ed. |
| 260 ## - PUBLICATION, DISTRIBUTION, ETC. (IMPRINT) | |
| Place of publication, distribution, etc | Mexico, D.F.: |
| Name of publisher, distributor, etc | Mc Graw Hill, |
| Date of publication, distribution, etc | 2006 |
| 300 ## - PHYSICAL DESCRIPTION | |
| Extent | 850 p.; |
| Dimensions | 23 cm. |
| 505 ## - FORMATTED CONTENTS NOTE | |
| Formatted contents note | Primera parte. Los enfoques cuantitativos y cualitativo en la investigación científica<br/>1. Similitudes y diferencias entre los enfoques cuantitativo y cualitativo<br/>2. El nacimiento de un proyecto de investigación cuantitativo, cualitativo o mixto: la idea<br/>Segunda parte. El proceso de la investigación cuantitativa<br/>3. Planteamiento del problema cuantitativo<br/>4. Elaboración del marco teórico. revisión de la literatura y construcción de una perspectiva teórica<br/>5. Definición del alcance de la investigación a realizar: exploratoria, descriptiva, correlacional o explicativa<br/>6. Formulación de hipótesis<br/>7. Concepción o elección del diseño de investigación <br/>8. Selección de la muestra<br/>9. Recolección de los datos cuantitativos <br/>10. Anàlisis de los datos cuantitativos <br/>11. El reporte de resultados del proceso <br/>Tercera parte. El proceso de la investigación cualitativa<br/>12. El inicio del proceso cuantitativo: planteamiento del problema, revisión de la literatura, surgimiento de las hipótesis e inmersión en el campo<br/>13. Muestreo cualitativo<br/>14. Recolección y análisis de los datos cualitativos <br/>15. Diseños del proceso de investigación cualitativa<br/>16. El reporte de resultados del proceso cualitativo <br/>Cuarta parte. Los procesos mixtos de investigación<br/>17. Los procesos mixtos o multimodales |
| 650 ## - SUBJECT ADDED ENTRY--TOPICAL TERM | |
| Source of heading or term | LEMB |
| Topical term or geographic name as entry element | Investigación |
| General subdivision | Metodología |
| 9 (RLIN) | 3 |
| 700 ## - ADDED ENTRY--PERSONAL NAME | |
| Personal name | Carlos Fernandez-Collado |
| Relator code | col. |
| 942 ## - ADDED ENTRY ELEMENTS (KOHA) | |
| Koha item type | Libros |
| Source of classification or shelving scheme | Dewey Decimal Classification |
| Withdrawn status | Lost status | Source of classification or shelving scheme | Damaged status | Not for loan | Collection code | Home library | Current library | Date acquired | Total Checkouts | Full call number | Barcode | Date last seen | Copy number | Price effective from | Koha item type |
|---|---|---|---|---|---|---|---|---|---|---|---|---|---|---|---|
| Dewey Decimal Classification | Colección General | Biblioteca UPAN San Vicente | Biblioteca UPAN San Vicente | 06/09/2023 | 001.42 H476m. | 12000925 | 06/09/2023 | 01 | 06/09/2023 | Libros | |||||
| Dewey Decimal Classification | Colección General | Biblioteca UPAN San Vicente | Biblioteca UPAN San Vicente | 06/09/2023 | 001.42 H476m. | 12000011 | 11/09/2023 | 02 | 06/09/2023 | Libros | |||||
| Dewey Decimal Classification | Colección General | Biblioteca UPAN San Vicente | Biblioteca UPAN San Vicente | 06/09/2023 | 001.42 H476m. | 12000386 | 11/09/2023 | 03 | 06/09/2023 | Libros |